000 00224nam a2200097Ia 4500
005 20251222154410.0
008 251222s9999||||xx |||||||||||||| ||spa||
082 _a709.022/D16
245 0 _aLos siglos del Gético
942 _cLIB
999 _c35614
_d35614